Constitución apostólica del Sumo Pontífice Juan Pablo II sobre las universidades católicas
Kaydedildi:
| Yazar: | |
|---|---|
| Materyal Türü: | Kitap |
| Dil: | İspanyolca |
| Baskı/Yayın Bilgisi: |
Santiago
Conferencia Episcopal de Chile. Area de Comunicaciones
1990
|
| Konular: | |
| Etiketler: |
Etiketle
Etiket eklenmemiş, İlk siz ekleyin!
|
MARC
| LEADER | 00000nam a2200000 a 4500 | ||
|---|---|---|---|
| 001 | UCW6427 | ||
| 003 | CL-VaPUC | ||
| 008 | 911219e19900000CL |||||||||||||||||spa|d | ||
| 082 | 0 | 4 | |a 230.0711 |b JUA |2 21 |
| 100 | |a Juan Pablo II |e author |9 309920 | ||
| 245 | 1 | 0 | |a Constitución apostólica del Sumo Pontífice Juan Pablo II sobre las universidades católicas |
| 300 | |a 49 p | ||
| 942 | |c BK | ||
| 945 | |d 19911219 00:00:00 | ||
| 260 | |a Santiago |b Conferencia Episcopal de Chile. Area de Comunicaciones |c 1990 | ||
| 650 | 0 | |a Universidades católicas |9 309230 | |
| 650 | 0 | |a Documentos pontificios |9 255642 | |
| 583 | |a last modification |c 19911219 00:00:00 |k Rodrigo Vera | ||
| 999 | |c 219489 |d 219487 | ||
| 952 | |0 0 |1 0 |4 0 |6 230_071100000000000_JUA_1990 |7 0 |8 A |9 210468 |a BIBTEO |b BIBTEO |d 2019-11-15 |i 2786079 |o 230.0711 JUA 1990 |p 2786079 |r 2025-01-17 |w 2019-11-15 |y BK |k ICR | ||
| 952 | |0 0 |1 0 |4 0 |6 230_071100000000000_JUA_1990 |7 0 |8 A |9 210471 |a BIBTEO |b BIBTEO |d 2019-11-15 |i 2786109 |l 3 |m 2 |o 230.0711 JUA 1990 |p 2786109 |q 2024-07-31 |r 2024-04-01 |s 2024-04-01 |w 2019-11-15 |y BK |k ICR | ||
| 952 | |0 0 |1 0 |4 0 |6 230_071100000000000_JUA_1990 |7 0 |8 P |9 210472 |a BIBEDU |b BIBEDU |c BIBEDU_PB |d 2019-11-15 |i 4080742 |o 230.0711 JUA 1990 |p 4080742 |r 2024-01-25 |w 2019-11-15 |y BK |k EBA | ||